000 00573nam a2200217Ia 4500
008 220216s9999 xx 000 0 und d
100 _aKamal Mazlina Mustafa
245 0 _aComparison of properties of natural rubber compounds with various fillers
260 _bJournal of Rubber Research
_c2009
300 _a27-44
520 _aDL
650 _aCalcium carbonate
650 _aCarbon black
650 _aReinforcement
650 _aSilica clays
650 _aStarch
650 _aStrength
700 _aClarke Jane
700 _aMd Aris Ahmad
942 _cJS
999 _c56015
_d56015